<?xml version="1.0" encoding="UTF-8"?>
<record
    xmlns:xsi="http://www.w3.org/2001/XMLSchema-instance"
    xsi:schemaLocation="http://www.loc.gov/MARC21/slim http://www.loc.gov/standards/marcxml/schema/MARC21slim.xsd"
    xmlns="http://www.loc.gov/MARC21/slim">

  <leader>01648nam a2200349 i 4500</leader>
  <controlfield tag="001">183507</controlfield>
  <controlfield tag="003">ES-MaACL</controlfield>
  <controlfield tag="005">20250704062549.0</controlfield>
  <controlfield tag="008">140708s2014    sp           |||| |bspa d</controlfield>
  <datafield tag="020" ind1=" " ind2=" ">
    <subfield code="a">978-84-9911-272-5</subfield>
  </datafield>
  <datafield tag="080" ind1=" " ind2=" ">
    <subfield code="a">94(460)"18/19":929 Costa, Joaqu&#xED;n</subfield>
  </datafield>
  <datafield tag="100" ind1="0" ind2=" ">
    <subfield code="a">Gil Novales, Alberto,</subfield>
    <subfield code="d">1930-2016</subfield>
    <subfield code="9">56851</subfield>
  </datafield>
  <datafield tag="245" ind1="1" ind2="0">
    <subfield code="a">Estudios costistas / </subfield>
    <subfield code="c">Alberto Gil Novales.</subfield>
  </datafield>
  <datafield tag="260" ind1=" " ind2=" ">
    <subfield code="a">Zaragoza : </subfield>
    <subfield code="b">Instituci&#xF3;n "Fernando el Cat&#xF3;lico", </subfield>
    <subfield code="c">2014.</subfield>
  </datafield>
  <datafield tag="300" ind1=" " ind2=" ">
    <subfield code="a">341 p. ; </subfield>
    <subfield code="c">24 cm.</subfield>
  </datafield>
  <datafield tag="490" ind1="1" ind2=" ">
    <subfield code="a">Estudios. Historia</subfield>
  </datafield>
  <datafield tag="490" ind1="1" ind2=" ">
    <subfield code="a">Publicaci&#xF3;n de la Instituci&#xF3;n "Fernando el Cat&#xF3;lico" ; </subfield>
    <subfield code="v">3294</subfield>
  </datafield>
  <datafield tag="500" ind1=" " ind2=" ">
    <subfield code="a">&#xCD;ndice onom&#xE1;stico.</subfield>
  </datafield>
  <datafield tag="504" ind1=" " ind2=" ">
    <subfield code="a">Bibliograf&#xED;a: p. 279-313.</subfield>
  </datafield>
  <datafield tag="505" ind1="8" ind2=" ">
    <subfield code="a">Contiene: Joaqu&#xED;n Costa en el Ateneo de Madrid y el Ateneo en tiempos de Costa : [conferencia inaugural de las Jornadas de Conmemoraci&#xF3;n del Centenario de la muerte de Joaqu&#xED;n Costa, pronunciada en el Ateneo de Madrid el 5 de septiembre de 2011], p. 253-277</subfield>
  </datafield>
  <datafield tag="600" ind1="1" ind2="4">
    <subfield code="a">Costa, Joaqu&#xED;n,</subfield>
    <subfield code="d">1846-1911</subfield>
    <subfield code="9">41054</subfield>
  </datafield>
  <datafield tag="610" ind1="2" ind2="4">
    <subfield code="a">Ateneo de Madrid-</subfield>
    <subfield code="v">Historia</subfield>
    <subfield code="9">1925</subfield>
  </datafield>
  <datafield tag="610" ind1="2" ind2="4">
    <subfield code="a">Ateneo de Madrid-</subfield>
    <subfield code="v">Conferencias-</subfield>
    <subfield code="y">2000-</subfield>
    <subfield code="9">168597</subfield>
  </datafield>
  <datafield tag="710" ind1="2" ind2=" ">
    <subfield code="a">Instituci&#xF3;n "Fernando el Cat&#xF3;lico"</subfield>
    <subfield code="9">4721</subfield>
  </datafield>
  <datafield tag="740" ind1="0" ind2="2">
    <subfield code="a">Joaqu&#xED;n Costa en el Ateneo de Madrid y el Ateneo en tiempos de Costa.</subfield>
  </datafield>
  <datafield tag="830" ind1="1" ind2=" ">
    <subfield code="a">Estudios. Historia</subfield>
    <subfield code="9">224537</subfield>
  </datafield>
  <datafield tag="830" ind1="1" ind2="0">
    <subfield code="a">Publicaci&#xF3;n ... de la Instituci&#xF3;n Fernando el Cat&#xF3;lico</subfield>
    <subfield code="v">3294</subfield>
    <subfield code="9">233871</subfield>
  </datafield>
  <datafield tag="852" ind1=" " ind2=" ">
    <subfield code="a">ES-MaACL</subfield>
    <subfield code="j">A-13115</subfield>
    <subfield code="9">190448</subfield>
    <subfield code="b">R.150143</subfield>
    <subfield code="c">DEPO1</subfield>
    <subfield code="d">Olim: N-6115</subfield>
    <subfield code="h">Donaci&#xF3;n: Alberto Gil Novales</subfield>
  </datafield>
  <datafield tag="903" ind1=" " ind2=" ">
    <subfield code="a">Gil Novales, Alberto,</subfield>
    <subfield code="d">1930-2016</subfield>
    <subfield code="e">dnr</subfield>
    <subfield code="9">56851</subfield>
  </datafield>
  <datafield tag="942" ind1=" " ind2=" ">
    <subfield code="2">udc</subfield>
    <subfield code="c">MONOGRAFIA</subfield>
  </datafield>
  <datafield tag="999" ind1=" " ind2=" ">
    <subfield code="c">183507</subfield>
    <subfield code="d">183507</subfield>
  </datafield>
  <datafield tag="952" ind1=" " ind2=" ">
    <subfield code="0">0</subfield>
    <subfield code="1">0</subfield>
    <subfield code="2">udc</subfield>
    <subfield code="4">0</subfield>
    <subfield code="7">0</subfield>
    <subfield code="8">Fondo_Ateneo_de_Madrid</subfield>
    <subfield code="a">ATENEOM</subfield>
    <subfield code="b">ATENEOM</subfield>
    <subfield code="c">DEPO1</subfield>
    <subfield code="d">2014-07-08</subfield>
    <subfield code="e">DONACION</subfield>
    <subfield code="l">0</subfield>
    <subfield code="o">A-13115</subfield>
    <subfield code="p">1192883</subfield>
    <subfield code="r">2023-02-23 00:00:00</subfield>
    <subfield code="w">2023-02-23</subfield>
    <subfield code="y">MONOGRAFIA</subfield>
  </datafield>
</record>
